The Philosophy of Narayana Guru (Record no. 15765)

MARC details
000 -LEADER
fixed length control field 00632nam a2200241 a 4500
020 ## - INTERNATIONAL STANDARD BOOK NUMBER
ISBN 9788124602362
082 00 - DEWEY DECIMAL CLASSIFICATION NUMBER
Classification number 181.4
Author Cutter PRA2
100 ## - MAIN ENTRY--AUTHOR NAME
Author name Prasad, Swami Muni Narayana
245 ## - TITLE STATEMENT
Title The Philosophy of Narayana Guru
260 ## - PUBLICATION, DISTRIBUTION, ETC. (IMPRINT)
Place of publication New Delhi
Name of publisher Dk Printworld
Year of publication 2003
300 ## - PHYSICAL DESCRIPTION
Number of Pages 155p
500 ## - GENERAL NOTE
General note includes index and biblioraphy
505 2# - FORMATTED CONTENTS NOTE
Formatted contents note Bibliography, Index
650 ## - SUBJECT ADDED ENTRY--TOPICAL TERM
Topical Term Philosophy-Hindu
942 ## - ADDED ENTRY ELEMENTS (KOHA)
Koha item type Books
700 1# -
-- Prasad, Swami Muni Narayana
Holdings
Collection code Home library Current library Date acquired Cost, normal purchase price Full call number Accession Number Koha item type
  Henry Martyn Institute Library Henry Martyn Institute Library 03/08/2010 195.00 181.4 PRA2 023213 Books
                   Copyright © 2026 | Henry Martyn Institute | Hyderabad | TS-500052 | INDIA | Implemented by hmi.edu.in
Hit-Count:

Powered by Koha